Guide for safety in the chemical laboratory

-д хадгалсан:
Номзүйн дэлгэрэнгүй
Байгууллагын зохиогч: Manufacturing Chemists Association (Зохиогч)
Формат: Ном
Хэл сонгох:англи
Хэвлэсэн: Nueva York Van Nostrand Reinhold 1972
Хэвлэл:2a. ed
Нөхцлүүд:
Шошгууд: Шошго нэмэх
Шошго байхгүй, Энэхүү баримтыг шошголох эхний хүн болох!

MARC

LEADER 00000nam a2200000 a 4500
001 UCG2043
003 CL-VaPUC
008 100610e19720000US |||||||||||||||||eng|d
020 |a 0442056672 
082 0 4 |a 363.17  |b MAN  |2 21 
110 2 |a Manufacturing Chemists Association  |e author  |9 550250 
245 1 0 |a Guide for safety in the chemical laboratory 
250 |a 2a. ed 
300 |a 505 p 
942 |c BK 
945 |d 20100610 00:00:00  |a dcastane 
260 |a Nueva York  |b Van Nostrand Reinhold  |c 1972 
650 0 |a Materiales peligrosos  |9 358775 
650 7 |a LABORATORIOS QUIMICOS  |2 CL-VaPUC  |9 336607 
650 7 |a SEGURIDAD INDUSTRIAL  |2 CL-VaPUC  |9 254906 
583 |a last modification  |c 20100610 00:00:00  |k Rodrigo Vera 
999 |c 341285  |d 341283 
952 |0 0  |1 0  |4 0  |6 363_170000000000000_MAN_1972  |7 0  |8 A  |9 436663  |a BIBCUR  |b BIBCUR  |d 2019-11-22  |i 4681274  |o 363.17 MAN 1972  |p 4681274  |r 2025-04-22  |w 2019-11-22  |y BK  |k BCB